000 00470nam a2200145Ia 4500
008 100204s9999 xx 000 0 und d
082 _b77
100 _aपांढरीपांडे विजय मनोहर
245 _aपत्रांजली
260 _b"मेनका प्रकाशन , मुंबई"
_c1974
300 _a194
630 _aपत्रांजली
730 _aपत्रांजली
942 _cBOOK
999 _c445274
_d445271